Municipalities of Shaanxi Province - Statistics

General Stats
  • This quiz has been taken 112 times
  • The average score is 7 of 10
Answers on the Map
Answers color-coded by a green-red scale on the quiz's map according to % correct below.
 
Answer Stats
Answer % Correct
Xi'an 西安
100%
Baoji 宝鸡
77%
Xianyang 咸阳
77%
Weinan 渭南
73%
Yulin 榆林
73%
Hanzhong 汉中
68%
Yan'an 延安
68%
Shangluo 商洛
59%
Ankang 安康
55%
Tongchuan 铜川
55%
No matching quizzes found
Score Distribution
Percent of People with Each Score
Percentile by Number Answered
Your Score History
You have not taken this quiz